Massos de Fornells / (Record n. 23691)

Dettagli MARC
000 -LEADER
fixed length control field 00869nam a2200241 i 4500
003 - CONTROL NUMBER IDENTIFIER
control field IT-RoINE
005 - DATE AND TIME OF LATEST TRANSACTION
control field 20221201135036.0
008 - FIXED-LENGTH DATA ELEMENTS--GENERAL INFORMATION
fixed length control field 990914s1999 sp ab |r o001|||cat|d
020 ## - INTERNATIONAL STANDARD BOOK NUMBER
International Standard Book Number 8460628809
040 ## - CATALOGING SOURCE
Original cataloging agency SpMaBN
Transcribing agency SpMaBN IT-RoINE
Modifying agency IT-RoINE
100 1# - MAIN ENTRY--PERSONAL NAME
Personal name Marquès, Josep M.,
Dates associated with a name 1939-2007
9 (RLIN) 5404
245 10 - TITLE STATEMENT
Title Massos de Fornells /
Statement of responsibility, etc Josep M. Marquès ; amb la col·laboració de Xavier Martínez i Lluís Planagumà ; fotografies de Xavier Espígol.
260 ## - PUBLICATION, DISTRIBUTION, ETC. (IMPRINT)
Place of publication, distribution, etc Fornells de la Selva :
Name of publisher, distributor, etc Ajuntament de Fornells de la Selva,
Date of publication, distribution, etc 1999.
300 ## - PHYSICAL DESCRIPTION
Extent 239 p. :
Other physical details il. ;
Dimensions 24 cm.
336 ## - CONTENT TYPE
Source rdacontent
Content type term text
337 ## - MEDIA TYPE
Source rdamedia
Media type term unmediated
338 ## - CARRIER TYPE
Source rdacarrier
Carrier type term volume
500 ## - GENERAL NOTE
General note Incluye índice.
650 #4 - SUBJECT ADDED ENTRY--TOPICAL TERM
Topical term or geographic name as entry element Masías
Geographic subdivision España
-- Fornells de la Selva
9 (RLIN) 46899
700 1# - ADDED ENTRY--PERSONAL NAME
Personal name Martínez, Xavier
9 (RLIN) 46900
700 1# - ADDED ENTRY--PERSONAL NAME
Personal name Planagumà, Lluís
9 (RLIN) 46901
942 ## - ADDED ENTRY ELEMENTS (KOHA)
Item type Monografías
Dati di copia
Withdrawn status Lost status Damaged status Not for loan Home library Current library Date acquired Total Checkouts Full call number Barcode Date last seen Price effective from Koha item type
        Iglesia Nacional Española en Roma Iglesia Nacional Española en Roma 06/04/2018   ART.ARQ 899 48837 06/04/2018 06/04/2018 Monografías